000 00397cam a2200145ua 4500
041 _aeng
_h
082 _a823.308
_bDEF/LI
100 _aDefoe, Daniel .
245 _aLife adventures and piracies of the famous captain Singlesen /
_cDaniel defoe.
_hTextual Documents
260 _aNewyork :
_bEverymans Library ,
_c1963.
300 _a335 ; .
504 _a
942 _cBK
999 _c4370
_d4370